Normal view
MARC view
Entry Personal Name
001 - CONTROL NUMBER
- control field: 72
003 - CONTROL NUMBER IDENTIFIER
- control field: OSt
005 - DATE AND TIME OF LATEST TRANSACTION
- control field: 20230807103521.0
008 - FIXED-LENGTH DATA ELEMENTS
- fixed length control field: 230807|| aca||aabn | a|a d
040 ## - CATALOGING SOURCE
- Original cataloging agency: OSt
- Transcribing agency: OSt
100 ## - HEADING--PERSONAL NAME
- Personal name: Ganesan,V
670 ## - SOURCE DATA FOUND
- Source citation: Work cat.: (OSt)35910: Ganesan,V, Gas turbines, 2010